00437nam a2200157 a 450000100060000000300090000600800410001504000280005608200160008410000300010024500220013026000490015230000100020149000280021165000400023912533CO-ViMGA141112s2004 ck r 000 u spa d aCO-ViMGAbspacCO-ViMGA04a508.86 P45p1 aPiñeros, Corpas Joaquin10aPatria Naturaleza aBogotá : bBiblioteca caja Agraria, c1973 a356p. aBiblioteca Caja Agraria14aEXPEDICIONES CIENTIFICAS - COLOMBIA